Sports Quiz

Random Sports or Year Quiz

USFL Yearly Statistical Leaders Quiz Stats

Quiz not verified by Sporcle

Challenge
Share
Tweet
Embed
Score 0/99 Timer 18:00
0 Plays Today
Team Player % Correct
New Jersey GeneralsHerschel Walker
90.9%
Houston GamblersJim Kelly
89.6%
New Jersey GeneralsHerschel Walker
87%
Houston GamblersJim Kelly
87%
New Jersey GeneralsHerschel Walker
85.7%
Michigan PanthersBobby Hebert
68.8%
Michigan PanthersBobby Hebert
66.2%
Oakland InvadersBobby Hebert
64.9%
Oklahoma OutlawsDoug Williams
62.3%
Philadelphia StarsKelvin Bryant
61%
Arizona OutlawsDoug Williams
61%
Michigan PanthersAnthony Carter
59.7%
Oklahoma OutlawsAlphonso Williams
59.7%
Oakland InvadersJohn Williams
59.7%
Philadelphia StarsKelvin Bryant
58.4%
Baltimore StarsKelvin Bryant
58.4%
Oakland InvadersAnthony Carter
57.1%
Chicago BlitzTrumaine Johnson
54.5%
Houston GamblersRichard Johnson
54.5%
Arizona WranglersTrumaine Johnson
54.5%
Denver GoldBill Johnson
53.2%
Houston GamblersRichard Johnson
53.2%
Philadelphia StarsChuck Fusina
49.4%
Philadelphia StarsChuck Fusina
49.4%
Baltimore StarsChuck Fusina
49.4%
Birmingham StallionsJim Smith
48.1%
Jacksonville BullsMike Rozier
48.1%
Boston BreakersCharles Smith
46.8%
Birmingham StallionsJim Smith
46.8%
1983 Team
42.9%
1983 Team
42.9%
1983 Team
42.9%
1984 Team
42.9%
Team Player % Correct
1984 Team
41.6%
1984 Team
41.6%
1985 Team
41.6%
Chicago BlitzGreg Landry
40.3%
Arizona WranglersGreg Landry
40.3%
Tampa Bay BanditsGary Anderson
40.3%
1985 Team
40.3%
Tampa Bay BanditsGary Anderson
40.3%
1985 Team
40.3%
Birmingham StallionsCliff Stoudt
39%
Pittsburgh MaulersGreg Anderson
39%
Birmingham StallionsCliff Stoudt
39%
Oakland InvadersFred Besana
35.1%
San Antonio GunslingersRick Neuheisel
35.1%
Oakland InvadersFred Besana
33.8%
Birmingham StallionsJoe Cribbs
33.8%
Birmingham StallionsJoe Cribbs
33.8%
Washington FederalsCraig James
32.5%
Tampa Bay BanditsJohn Reaves
32.5%
Tampa Bay BanditsJohn Reaves
32.5%
Boston BreakersJohnnie Walton
29.9%
Chicago BlitzTim Spencer
29.9%
New Orleans BreakersJohnnie Walton
29.9%
Arizona WranglersTim Spencer
28.6%
New Orleans BreakersBuford Jordan
27.3%
Portland BreakersBuford Jordan
27.3%
Orlando RenegadesReggie Collier
26%
Arizona WranglersAlan Risher
22.1%
Washington FederalsMike Hohensee
22.1%
Houston GamblersRicky Sanders
20.8%
Denver GoldMarc Lewis
19.5%
Los Angeles ExpressTom Ramsey
18.2%
Tampa Bay BanditsEric Truvillion
18.2%
Team Player % Correct
New Jersey GeneralsMaurice Carthon
18.2%
Tampa Bay BanditsEric Truvillion
18.2%
Michigan PanthersKen Lacy
16.9%
Michigan PanthersDerek Holloway
15.6%
Arizona OutlawsOtis Brown
14.3%
Denver GoldHarry Sydney
13%
Washington FederalsJoey Walters
13%
Tampa Bay BanditsGreg Boone
13%
Washington FederalsJoey Walters
13%
Denver GoldBob Gagliano
13%
New Jersey Generals/Chicago BlitzBobby Scott
11.7%
Los Angeles ExpressMike Rae
11.7%
Oakland InvadersArt Whittington
11.7%
Washington FederalsCurtis Bledsoe
11.7%
Oakland InvadersRaymond Chester
10.4%
Arizona WranglersJackie Flowers
10.4%
Jacksonville BullsEd Luther
10.4%
Birmingham StallionsBob Lane
9.1%
Chicago BlitzKevin Long
9.1%
Oakland InvadersGordon Banks
9.1%
Arizona WranglersKevin Long
9.1%
Oaklnd InvadersGordon Banks
9.1%
Boston BreakersRichard Crump
7.8%
Oakland InvadersAlbert Bentley
7.8%
Denver GoldLeonard Harris
7.8%
Memphis ShowboatsDerrick Crawford
7.8%
New Orleans BreakersFrank Lockett
6.5%
Tampa Bay BanditsDanny Buggs
5.2%
Tampa Bay BanditsLarry Brodsky
3.9%
Boston BreakersNolan Franz
2.6%
Birmingham StallionsKen Talton
1.3%
Memphis ShowboatsGreg Moser
0%
Jacksonville BullsAlton Alexis
0%

You're not logged in!

Compare scores with friends on all Sporcle quizzes.
Join for Free
OR
Log In

You Might Also Like...

Show Comments

Extras

Top Quizzes Today


Score Distribution

Your Account Isn't Verified!

In order to create a playlist on Sporcle, you need to verify the email address you used during registration. Go to your Sporcle Settings to finish the process.

Report this User

Report this user for behavior that violates our Community Guidelines.

Details: